G̲h̲ulām Isḥāq K̲h̲ān : (Record no. 328959)
[ view plain ]
| 000 -LEADER | |
|---|---|
| fixed length control field | 01546cam a22003974a 4500 |
| 001 - CONTROL NUMBER | |
| control field | 15602811 |
| 003 - CONTROL NUMBER IDENTIFIER | |
| control field | Nust |
| 005 - DATE AND TIME OF LATEST TRANSACTION | |
| control field | 20231201142449.0 |
| 008 - FIXED-LENGTH DATA ELEMENTS--GENERAL INFORMATION | |
| fixed length control field | 090129s2008 pk a b 000 0burdo |
| 010 ## - LIBRARY OF CONGRESS CONTROL NUMBER | |
| LC control number | 2009355140 |
| 020 ## - INTERNATIONAL STANDARD BOOK NUMBER | |
| International Standard Book Number | 9789699316005 |
| 025 ## - OVERSEAS ACQUISITION NUMBER | |
| Overseas acquisition number | P-U-2009355140; 20 |
| 038 ## - RECORD CONTENT LICENSOR | |
| Staff Name | Arshad |
| 040 ## - CATALOGING SOURCE | |
| Original cataloging agency | DLC |
| Transcribing agency | DLC |
| 042 ## - AUTHENTICATION CODE | |
| Authentication code | lcode |
| 043 ## - GEOGRAPHIC AREA CODE | |
| Geographic area code | a-pk--- |
| 050 00 - LIBRARY OF CONGRESS CALL NUMBER | |
| Classification number | DS389.22.K438 |
| Item number | S53 2008 |
| 082 ## - DEWEY DECIMAL CLASSIFICATION NUMBER | |
| Classification number | 954.91053092 |
| Author Mark | SID |
| 100 1# - MAIN ENTRY--PERSONAL NAME | |
| Personal name | Ṣiddīqī, Saḥar. |
| 9 (RLIN) | 29233 |
| 245 10 - TITLE STATEMENT | |
| Title | G̲h̲ulām Isḥāq K̲h̲ān : |
| Remainder of title | shak̲h̲ṣīyat, kirdār, k̲h̲idmāt / |
| Statement of responsibility, etc. | Saḥar Ṣiddīqī. |
| 250 ## - EDITION STATEMENT | |
| Edition statement | Ishāʻat 1. |
| 260 ## - PUBLICATION, DISTRIBUTION, ETC. | |
| Place of publication, distribution, etc. | Islāmābād : |
| Name of publisher, distributor, etc. | ʻAlī Pablīshang Biyūro, |
| Date of publication, distribution, etc. | 2008. |
| 300 ## - PHYSICAL DESCRIPTION | |
| Extent | 472 p. : |
| Other physical details | col. ill. ; |
| Dimensions | 25 cm. |
| 504 ## - BIBLIOGRAPHY, ETC. NOTE | |
| Bibliography, etc. note | Includes bibliographical references (p. 471-472). |
| 520 ## - SUMMARY, ETC. | |
| Summary, etc. | On the life of Ghulam Ishaq Khan, a powerful bureaucrat and president of Pakistan from 1988 to 1993. |
| 546 ## - LANGUAGE NOTE | |
| Language note | In Urdu. |
| 563 ## - BINDING INFORMATION | |
| Binding note | HBK |
| 600 10 - SUBJECT ADDED ENTRY--PERSONAL NAME | |
| Personal name | Khan, Ghulam Ishaq. |
| 9 (RLIN) | 29234 |
| 650 #0 - SUBJECT ADDED ENTRY--TOPICAL TERM | |
| Topical term or geographic name entry element | Presidents |
| Geographic subdivision | Pakistan |
| Form subdivision | Biography. |
| 9 (RLIN) | 4853 |
| 880 ## - ALTERNATE GRAPHIC REPRESENTATION | |
| Linkage | 100-01)3\r |
| Title | سحر صدیق |
| 880 ## - ALTERNATE GRAPHIC REPRESENTATION | |
| Linkage | 245-02)3\r |
| Title | غلام اسحاق خان صدر اسلامی جمہوریہ پاکستان 1988-1993: |
| b | شخصیت ۔کردار۔خدمات |
| c | سحر صدیق |
| 880 ## - ALTERNATE GRAPHIC REPRESENTATION | |
| Linkage | 260-03)3\r |
| Title | اسلام آباد: |
| b | علی پبلشنگ بیورو، |
| c | 2008 |
| 906 ## - LOCAL DATA ELEMENT F, LDF (RLIN) | |
| a | 7 |
| b | cbc |
| c | origode |
| d | 3 |
| e | ncip |
| f | 20 |
| g | y-gencatlg |
| 942 ## - ADDED ENTRY ELEMENTS (KOHA) | |
| Source of classification or shelving scheme | |
| Koha item type | Book |
| Withdrawn status | Lost status | Source of classification or shelving scheme | Damaged status | Not for loan | Permanent Location | Current Location | Shelving location | Date acquired | Full call number | Barcode | Date last seen | Price effective from | Koha item type | Total Checkouts | Total Renewals | Date last checked out | Copy number |
|---|---|---|---|---|---|---|---|---|---|---|---|---|---|---|---|---|---|
| Central Library (CL) | Central Library (CL) | Biographies | 04/19/2017 | 954.91053092 SID | CL2171 | 04/19/2017 | 04/19/2017 | Book | |||||||||
| Central Library (CL) | Central Library (CL) | Biographies | 04/19/2017 | 954.91053092 SID | CL1563 | 04/14/2022 | 04/19/2017 | Book | 1 | 1 | 03/10/2022 | ||||||
| Central Library (CL) | Central Library (CL) | Biographies | 07/21/2017 | 954.91053092 SID | CL1167 | 07/21/2017 | 07/21/2017 | Book | 1 |
